000 00697nam a22001937a 4500
999 _c179231
_d179231
005 20210603110143.0
010 _aB-739953
020 _a9788132110972
_c395.00
035 _aB-739953
037 _bGift
082 0 0 _a791.43652
100 1 _aGhosh, Tapan Kumar
245 1 0 _aBollywood baddies :
_bvillains, vamps, and henchmen in Hindi cinema /
_cby Tapan K. Ghosh
260 _aNew Delhi
_bSAGE Publications
_c2013
270 _aB1/I-1 Mohan Cooperative Industrial Area, Mathura Road
_bNew Delhi
_e110044
300 _axviii,213p.:
_bcol. photos
_c22cm(pbk)
942 _2ddc
_cEN
_h791.43652
_mGHO